Co obnáší marketing radikálních inovací
Zo šiestich kategórií nových produktov prichádzajúcich na trh (podľa definície P. Kotlera) je možné minimálne štyri zaradiť medzi výrobky patriace do kategórie postupných inovácií. Radikálna inovácia výrobku a dlhodobý rast. Problémy súvisiace s radikálnou inováciou výrobkov. Ťažkosti pri prieskume...
Saved in:
| Main Author: | |
|---|---|
| Format: | Book Chapter |
| Language: | Czech |
| Subjects: | |
| Tags: |
No Tags, Be the first to tag this record!
|
MARC
| LEADER | 00000naa a2200000 4500 | ||
|---|---|---|---|
| 001 | 0157344 | ||
| 005 | 20240315071851.2 | ||
| 041 | 0 | |a cze | |
| 044 | |a CZ | ||
| 245 | 1 | 0 | |a Co obnáší marketing radikálních inovací |c Zdeněk Vrbík |
| 520 | |a Zo šiestich kategórií nových produktov prichádzajúcich na trh (podľa definície P. Kotlera) je možné minimálne štyri zaradiť medzi výrobky patriace do kategórie postupných inovácií. Radikálna inovácia výrobku a dlhodobý rast. Problémy súvisiace s radikálnou inováciou výrobkov. Ťažkosti pri prieskume trhu, v oblasti vývoja a výskumu, v oblasti predaja. Kniha, ktorá sa zaoberá špecifickým marketingom radikálne inovatívnych výrobkov: Crossing the chasm (Prekračovanie priepasti), a ktorú považujú v Silicon Valley za bibliu marketingu. Radikálne inovatívny produkt a hľadanie úplne nového využitia produktu. | ||
| 610 | 2 | 0 | |a marketing |
| 610 | 2 | 0 | |a inovácia výrobkov |
| 610 | 2 | 0 | |a prieskum trhu |
| 610 | 2 | 0 | |a výskum |
| 610 | 2 | 0 | |a vývoj |
| 610 | 2 | 0 | |a predaj |
| 100 | 1 | |a Vrbík, Zdeněk | |